000 01168nam a2200337 4500
001 33512
003 BD-RjUL
005 20211209052024.0
008 140508s1949 nju 001 0 eng d
035 _a(OCoLC)ocm00350165
035 _a(BD-RjUL)33603
035 _a(NNC)3157525
040 _aOUN
_cOUN
_dIAY
_dZCU
_dBD-RjUL
_beng
041 _aeng
082 _a301.16019
_bHOE V-3 1949
099 _a380
_aEx7
100 1 _aHovland, Carl Iver,
_d1912-
_9101705
245 1 0 _aExperiments on mass communication /
_cby Carl I. Hovland, Arthur A. Lumsdaine, and Fred D. Sheffield.
_nVolume III
260 _aPrinceton :
_bPrinceton University Press,
_c1949.
300 _ax, 345 p.
_btables, diagrs.
_c25 cm.
490 1 _aStudies in social psychology in World War II ;
_vv. 3
504 _aIncludes index.
650 0 _aCommunication
_xPsychological aspects.
_945971
650 0 _aPsychology, Military.
_9101706
830 0 _vv. 3.
_9101732
700 1 _aLumsdaine, Arthur A.,
_eauthor.
_995331
700 1 _aSheffield, Fred D.,
_eauthor.
_9101708
830 0 _aStudies in social psychology in World War II ;
_9101733
942 _2ddc
_cBK
999 _c33512
_d33512